Schloss Wernersdorf und sein Kachelkabinett
| Titel: | Schloss Wernersdorf und sein Kachelkabinett / Christopher Jan Schmidt-Muenzberg |
|---|---|
| Verfasser: | |
| In: |
Auf historischer Spurensuche im Bobertal... ; Bd. 3. Seminarband ... der 3. Bobertaltagung 2016, (2018), Seite 986-992 alle Artikel anzeigen |
| Veröffentlicht: | 2018 |
| Format: | Aufsatz |
| Sprache: | Deutsch |
X
alg: 48496136 001A $03025:30-08-21 001B $01999:30-08-21 $t22:32:36.000 001D $03025:30-08-21 001U $0utf8 001X $00 002@ $0Aou 002C $aText $btxt $2rdacontent 002D $aohne Hilfsmittel zu benutzen $bn $2rdamedia 002E $aBand $bnc $2rdacarrier 003@ $0484961365 007A $0484961365 $aHEB 010@ $ager 010E $erda 011@ $a2018 021A $aSchloss Wernersdorf und sein Kachelkabinett $hChristopher Jan Schmidt-Muenzberg 028A $BVerfasser $#Münzberg, Christopher Schmidt- $4aut $71126658359 $8Schmidt-Münzberg, Christopher$Z1975- [Tp3] $9400082535 031A $h986-992 $j2018 039B $aEnthalten in $8--Afx--. Auf historischer Spurensuche im Bobertal... ; Bd. 3. Seminarband ... der 3. Bobertaltagung 2016. - Würzburg : Stiftung Kulturwerk Schlesien, 2018. - 811 - 1187 Seiten, [32] ungezählte Seiten. - Illustrationen. - ISBN 978-3-929817-09-6 $x201800000000000014 $9438600185 044K $8Piechowice-Pakoszów [Tg3] $9484961535 044K $RAdelshaus $RResidenz $RPalast $#Castles $#Châteaux $#Châteaux forts $#Schlossbau $#Schlösser $74052753-0 $8Schloss [Ts1] $908514701X 044K $RFliese $#Faience tiles $#Carreaux de faïence $#Ofenkachel $74162968-1 $8Kachel [Ts1] $9085721441 045F $a709.438509033 $eDDC23BSB 045F/01 $a709 045F/03 $f09033 045F/03 $g4385 lok: 48496136 78 exp: 48496136 78 1 #EPN 201B/01 $030-08-21 $t15:25:07.000 201C/01 $030-08-21 201U/01 $0utf8 203@/01 $01167156250 208@/01 $a30-08-21 $be 209A/01 $a/ $f000 $x00 209A/01 $ab*p $x01 220C/01 $apgar 244Z/01 $#Schlesien $#Schlesien $#Herzogtum Schlesien $#Herzogtum Schlesien Schlesien $#Provinz Schlesien $#Śla̜sk $#Slezsko $#Silesia $74052678-1 $8--Tg1--Schlesien $x01 $9085146781 247C/01 $82080>Marburg/Lahn, Herder-Institut, Forschungsbibliothek, Bibliographieportal $9336309341
| LEADER | 00000caa a2200000 c 4500 | ||
|---|---|---|---|
| 001 | 484961365 | ||
| 003 | DE-603 | ||
| 005 | 20210830223236.0 | ||
| 007 | tu | ||
| 008 | 210830s2018 xx |||| | u00||u|ger c | ||
| 035 | |a (DE-599)HEB484961365 | ||
| 040 | |a DE-603 |b ger |c DE-603 |d DE-603 |e rda | ||
| 041 | |a ger | ||
| 082 | 0 | 4 | |8 1\u |a 709.438509033 |q DE-101 |2 23/BSB |
| 085 | |8 1\u |b 709 | ||
| 085 | |8 1\u |z 1 |s 09033 | ||
| 085 | |8 1\u |z 2 |s 4385 | ||
| 100 | 1 | |a Schmidt-Münzberg, Christopher |d 1975- |e Verfasser |4 aut |0 (DE-603)400082535 |0 (DE-588)1126658359 |2 gnd | |
| 245 | 0 | 0 | |a Schloss Wernersdorf und sein Kachelkabinett |c Christopher Jan Schmidt-Muenzberg |
| 264 | 0 | |c 2018 | |
| 336 | |a Text |b txt |2 rdacontent | ||
| 337 | |a ohne Hilfsmittel zu benutzen |b n |2 rdamedia | ||
| 338 | |a Band |b nc |2 rdacarrier | ||
| 650 | 7 | |a Schloss |0 (DE-588)4052753-0 |0 (DE-603)08514701X |2 gnd | |
| 650 | 7 | |a Kachel |0 (DE-588)4162968-1 |0 (DE-603)085721441 |2 gnd | |
| 651 | 7 | |a Piechowice-Pakoszów |0 (DE-588)1240197578 |0 (DE-603)484961535 |2 gnd | |
| 773 | 0 | 8 | |i Enthalten in |t Auf historischer Spurensuche im Bobertal... ; Bd. 3. Seminarband ... der 3. Bobertaltagung 2016 |d Würzburg : Stiftung Kulturwerk Schlesien, 2018 |h 811 - 1187 Seiten, [32] ungezählte Seiten, Illustrationen |z 9783929817096 |g (2018), Seite 986-992 |w (DE-603)438600185 |
| 924 | 0 | |9 2080 |a (DE-603)1167156250 |b DE-2080 |c HES |d d |g / | |


